Mares en el Mapa Mundial - Estadísticas

Estadísticas generales
  • Esta prueba ha sido intentada 11.557 veces
  • La puntuación promedio es 9 de 15
Respuestas en el mapa
Las respuestas están codificadas por una escala verde-roja en el mapa de la prueba según el % correcto abajo.
 
Estadísticas de respuestas
Mar % Correcto
Mar Mediterráneo
96%
Mar Negro
91%
Mar Caribe
90%
Mar Rojo
85%
Mar Báltico
73%
Mar Caspio
71%
Mar del Norte
69%
Mar Adriático
65%
Mar del Japón
55%
Mar Egeo
53%
Mar Bering
50%
Mar Arábigo
46%
Mar de Tasmania
31%
Mar de la China Meridional
29%
Mar de la China Oriental
25%
No se encontraron pruebas coincidentes
Distribución de puntuación
Porcentaje de gente con cada puntuación
Porcentaje por número respondido
Historial de tus puntuaciones
No has intentado esta prueba.